000 00526nam a22001817a 4500
003 CEME
005 20210628202805.0
008 210118b xxu||||| |||| 00| 0 eng d
020 _a1-891389-29-7
040 _c.
082 _a510 MCQ
100 _aMcquarrie, Donald A
_961641
245 _aMathematical methods, for scientists and engineers
260 _aNEW YORK
_bUNIVERSITY SCIENCE
_c2003
300 _aXIII,1161 P
650 _aMATHEMATICS.MATHEMATICAL METHODS FOR SCIENTISTS AND ENGINEERS
_961642
942 _cBK
_2ddc
999 _c571028
_d571028